| 000 | 00375nam a2200157Ia 4500 | ||
|---|---|---|---|
| 003 | OSt | ||
| 005 | 20240312124238.0 | ||
| 008 | 170524s9999 xx 000 0 und d | ||
| 020 | _a9788177226096 | ||
| 040 | _cIIMTU MEERUT | ||
| 100 | _aSTEVEN HOLZNER | ||
| 245 | 0 | _aVISUAL BASIC . NET PROGRAMING BLACK BOOK- W/CD | |
| 260 | _bDreamtech | ||
| 260 | _c2008 | ||
| 942 |
_2ddc _c02 |
||
| 999 |
_c6030 _d6030 |
||